MOSBY;S COMPREHENSIVE REVIEW OF PRACTICAL NURSING (Record no. 2041)

MARC details
000 -LEADER
fixed length control field 00363nam a2200145Ia 4500
008 - FIXED-LENGTH DATA ELEMENTS--GENERAL INFORMATION
fixed length control field 150201s1994 xx 000 0 und d
082 ## - DEWEY DECIMAL CLASSIFICATION NUMBER
Classification number 610.7
Item number M94E
100 ## - MAIN ENTRY--PERSONAL NAME
Personal name EYLES , MARY O.
245 ## - TITLE STATEMENT
Title MOSBY;S COMPREHENSIVE REVIEW OF PRACTICAL NURSING
250 ## - EDITION STATEMENT
Edition statement 12TH
260 ## - PUBLICATION, DISTRIBUTION, ETC. (IMPRINT)
Name of publisher, distributor, etc. MOSBY
Place of publication, distribution, etc. ST. LOUIS
Date of publication, distribution, etc. 1994
300 ## - PHYSICAL DESCRIPTION
Extent 620
650 ## - SUBJECT ADDED ENTRY--TOPICAL TERM
Topical term or geographic name as entry element NURSING
942 ## - ADDED ENTRY ELEMENTS (KOHA)
Source of classification or shelving scheme Dewey Decimal Classification
Koha item type Books
Koha issues (borrowed), all copies 5
Holdings
Withdrawn status Lost status Source of classification or shelving scheme Damaged status Not for loan Collection code Home library Current library Shelving location Date acquired Source of acquisition Cost, normal purchase price SGTU Bill Number Total Checkouts Full call number Barcode Date last seen Date last checked out Bill Date Koha item type
    Dewey Decimal Classification     NURSING SGT Medical Library SGT Medical Library Reference Book 19/04/2012 UBS DELHI 1095.00 SGTU 46 5 610.7 M94E FN641 30/11/2023 12/10/2023 19/04/2012 Books